| 000 | 00326cam a22001217a 4500 | ||
|---|---|---|---|
| 008 | 180718b1979 xxu||||| |||| 00| 0 eng d | ||
| 082 | _aA99 N315 K149 | ||
| 100 | _aKarunakaran, K.P. | ||
| 245 |
_aPhenomenon of Nehru _cby K.P. Karunakaran |
||
| 260 |
_aDelhi _bGitanjaili _c1979 |
||
| 300 | _a219p. | ||
| 650 | _aNehru, Jawaharlal | ||
| 999 |
_c347508 _d347508 |
||